000 00317nam a2200145Ia 4500
100 _aWu/ Fredrick H
942 _cBK
654 _aInformation System
245 _aAccounting Information System
260 _bMcGraw Hill
_aAuckland
_c1984
082 _a657
_bWu
300 _a605
546 _aENGLISH
999 _c20724
_d20724